A handbook of Ophthalmology / (Record no. 111152)

MARC details
000 -LEADER
campo de control de longitud fija 00516nam a2200169 4500
001 - NÚMERO DE CONTROL
campo de control 111152
003 - IDENTIFICADOR DE NÚMERO DE CONTROL
campo de control ES-MaACL
007 - CAMPO FIJO DE DESCRIPCIÓN FÍSICA--INFORMACIÓN GENERAL
campo de control de longitud fija t|
008 - DATOS DE LONGITUD FIJA--INFORMACIÓN GENERAL
campo de control de longitud fija 061121s1946 xxk r ||||1| eng d
100 1# - ENTRADA PRINCIPAL--NOMBRE DE PERSONA
Nombre de persona Neame, Humphrey.
9 (RLIN) 85256
245 10 - MENCIÓN DEL TÍTULO
Título A handbook of Ophthalmology /
Mención de responsabilidad, etc. by Humphrey Neame... and F. A. Williamson-Noble.
250 ## - MENCION DE EDICION
Mención de edición 5th ed.
260 ## - PUBLICACIÓN, DISTRIBUCIÓN, ETC.
Lugar de publicación, distribución, etc. London :
Nombre del editor, distribuidor, etc. Churchill,
Fecha de publicación, distribución, etc. 1946.
300 ## - DESCRIPCIÓN FÍSICA
Extensión X, 333 p., 12 lám. :
Otras características físicas il. ;
Dimensiones 24 cm.
700 1# - ENTRADA AGREGADA--NOMBRE PERSONAL
Nombre de persona Williamson-Noble, F. A.
9 (RLIN) 116974
852 ## - LOCALIZACIÓN
Ubicación ES-MaACL
Número de control de estantería E-52
Sublocalización o colección R.22475
Holdings
Estatus retirado Estado de pérdida Estado de daño No para préstamo Biblioteca de origen Biblioteca actual Ubicación en estantería Fecha de adquisición Fuente de adquisición Total de préstamos Signatura topográfica completa Código de barras Visto por última vez Precio de reemplazo Tipo de ítem Koha
        Biblioteca del Ateneo de Madrid Biblioteca del Ateneo de Madrid Depósito 2 17/01/2008     E-52 1115967 23/02/2023 23/02/2023 Libro impreso